| Поле | Инд. | ПП | Название | Значение |
|---|---|---|---|---|
| Тип записи | a | |||
| Библиографический уровень | m | |||
| 001 | Контрольный номер | 004922165 | ||
| 005 | Дата корректировки | 20150513113607.5 | ||
| 008 | Кодируемые данные | 110404s2011 a zzzz 000 1 rusdu | ||
| 020 | a | ISBN | 978-5-7695-7126-8 | |
| 040 | d | Организация, изменившая запись | RuMo | |
| e | Правила каталог. | rcr | ||
| a | Служба первич. каталог. | НБ ТвГУ | ||
| 041 | a | Код языка текста | rus | |
| 080 | a | Индекс УДК | 53(075.8) | |
| 084 | a | Индекс другой классификации/Индекс ББК | В3я73-1 | |
| 090 | a | Полочн. индекс | В3 | |
| x | Авторский знак | Н 42 | ||
| 100 | 1_ | a | Автор | Неделько Виталий Ильич |
| q | Полное имя | Неделько В. И. | ||
| 245 | 10 | a | Заглавие | Физика |
| b | Продолж. заглавия | учебное пособие для студентов вузов, обучающихся по направлению "Биология" | ||
| 260 | a | Место издания | Москва | |
| b | Издательство | Академия | ||
| c | Дата издания | 2011 | ||
| 300 | a | Объем | 463, [1] с. | |
| b | Иллюстрации/ тип воспроизводства | ил., табл. | ||
| c | Размеры | 22 см | ||
| 440 | _0 | a | Серия | Бакалавриат |
| 440 | _0 | a | Серия | Высшее профессиональное образование |
| 440 | _0 | a | Серия | Естественные науки |
| 504 | a | Библиография | Библиогр.: с. 461 | |
| 520 | a | Аннотация | Учебное пособие создано в соответствии с Федеральным государственным образовательным стандартом по направлению бакалавриата «Биология». | |
| В | учебном пособии рассмотрены основы механики, молекулярной физики и термодинамики, электродинамики, оптики, строение атомов. Приведена методика решения задач с многочисленными примерами. Особое внимание уделено методологии физики с кратким изложением истории важнейших открытий, становления основных физических теорий и физической картины мира. | |||
| Д | ля студентов образовательных учреждений высшего профессионального образования. Может быть полезно школьным учителям, студентам технических вузов. | |||
| 653 | a | Ключевые слова | Учебники для вузов | |
| a | Ключевые слова | Физика | ||
| 700 | 1_ | a | Другие авторы | Хунджуа Андрей Георгиевич |
| q | Полное имя | Хунджуа, А. Г. | ||
| 910 | a | гриф есть** | ||
| 920 | a | Оператор | Стру | |
| 930 | a | Новая/Ретро | учебники | |
| 940 | a | физической культуры | ||
| d | физика | |||
| 952 | c | Вид литературы | К ру | |
| 954 | a | Дата поступления на обработку | 20110926 | |
| 990 | a | Автор заказа (DOS) | каф. теор. основ физвоспитания | |
| b | Заказано (DOS) | 2 |